|
|
|
|
| LEADER |
00000naa a2200000 i 4500 |
| 001 |
publ697 |
| 005 |
20161213104311.0 |
| 008 |
161213s2014 hu o 000 zxx d |
| 040 |
|
|
|a BGE Publikációtár Repozitórium
|b hun
|
| 100 |
1 |
|
|a Bajomi-Lázár Péter
|
| 245 |
1 |
0 |
|a How internet changes journalism
|b some trends in the ‘West’ and East’
|c Bajomi-Lázár Péter
|h [elektronikus dokumentum]
|
| 260 |
|
|
|a Peter Lang International Academic Publishers
|c 2014
|
| 300 |
|
|
|a 61-77
|
| 490 |
0 |
|
|a Media and Journalism in Central and Eastern Europe
|
| 650 |
|
4 |
|a média- és kommunikációs tudományok
|
| 695 |
|
|
|a Internet
|
| 695 |
|
|
|a Újságírás
|
| 856 |
4 |
0 |
|u https://publikaciotar.uni-bge.hu/id/eprint/697/1/Journalism%20That%20Matters.pdf
|z Dokumentum-elérés
|